000 00923nac a22002651i 4500
003 EG-ScBUE
005 20250723101957.0
008 250709t1982 txua f b 001 0 eng d
020 _a0890961247
040 _aEG-ScBUE
_beng
_erda
_cEG-ScBUE
_dEG-ScBUE
082 0 4 _a541.224
_bSTR
_222
100 1 _aStranges, Anthony N.
_q(Anthony Nicholas),
_d1936-
_eauthor.
245 1 0 _aElectrons and valence :
_bdevelopment of the theory, 1900-1925 /
_cby Anthony N. Stranges.
250 _aFirst edition.
264 1 _aCollege Station :
_bTexas A&M University Press,
_c[1982]
264 4 _cc1982
300 _axii, 291 pages :
_billustrations ;
_c24 cm
336 _2rdacontent
_atext
_btxt
337 _aunmediated
_2rdamedia
_bn
338 _avolume
_bnc
_2rdacarrier
504 _aIncludes bibliographical references and index.
650 7 _aValence (Theoretical chemistry)
_2BUEsh
655 _vReading book
942 _cBB
_2ddc
999 _c9107
_d9107